000 01417nam a2200373 c 4500
999 _c200825
_d200825
003 BLK
005 20250709162844.0
008 180411b bul|||||r ||||||| ||bul||
010 _aKNG00210249000
020 _a978-619-90771-0-8
040 _aBLK
041 _aBUL
_cBUL
072 7 _2bullib
_aН84
_xБългарска художествена литература Н
080 _aБългарска литература
_b821.163.2
_x-31
_z821.163.2-31
100 1 _aКама, Алеона де
_eпърви автор
_975580
139 _aКама, Алеона де
_bК 21
245 1 0 _aИзбирам теб, любов!
_cАлеона де Кама; * Магдалена Димитрова Радкова.
257 _aBGR
260 _bИзд. авт.
_c2016
_fСофия : Скала принт
300 _a317 с.
_c21 см
380 _aX
500 _aАлеона де Кама - псевд. на Магдалена Димитрова Радкова. Доп. тир. 2020 г.
659 _aН
700 1 _aРадкова, Магдалена Димитрова
_e*
_9349224
852 _aЦб 286600
_bЦб
856 4 _qpdf
856 4 _qpdf
942 _cKNG
_n0
_058
_s1
944 _aCR
_c31.07.2017
_k30531
_lЦветелина Шанова
944 _aED
_c09.08.2017
_kГрета_Цуфелде
944 _aED
_c2020-12-21
_kК.Д.
999 _d200825
999 _d200825